00000000nam 2200000zi 4500
0019.927421
003CaOODSP
00520231215102602
006m     o  d f      
007cr |n|||||||||
008230918e202310  onc     ob   f100 0 eng d
020 |a9780660679761
040 |aCaOODSP|beng|erda|cCaOODSP
043 |an-cn---
0861 |aFs70-4/2023-039E-PDF
24500|aProceedings of the regional peer review of the assessment of the northern Gulf of St. Lawrence (3Pn, 4RS) Atlantic cod stock, February 23-24, 2023, Mont-Joli, QC / |cchairperson: Caroline Senay, editor: Sonia Dubé.
264 1|aOttawa ON : |bCanadian Science Advisory Secretariat (CSAS), |cOctober 2023.
264 4|c©2023
300 |a1 online resource (iv, 14 pages).
336 |atext|btxt|2rdacontent
337 |acomputer|bc|2rdamedia
338 |aonline resource|bcr|2rdacarrier
4901 |aProceedings series, |x1701-1280 ; |v2023/039
500 |aIssued also in French under title: Compte rendu de l'examen par les pairs régional sur l'évaluation du stock de morue franche du nord du golfe du Saint-Laurent (3Pn, 4RS) du 23 et 24 février 2023, Mont-Joli, QC.
504 |aIncludes bibliographical references (pages 10-11).
650 0|aAtlantic cod fisheries|zSaint Lawrence, Gulf of|vCongresses.
650 0|aFish stock assessment|zSaint Lawrence, Gulf of|vCongresses.
655 7|aConference papers and proceedings|2lcgft
7001 |aSenay, Caroline.
7102 |aCanadian Science Advisory Secretariat, |eissuing body.
7101 |aCanada. |bDepartment of Fisheries and Oceans. |bQuebec Region, |eissuing body.
77508|tCompte rendu de l'examen par les pairs régional sur l'évaluation du stock de morue franche du nord du golfe du Saint-Laurent (3Pn, 4RS) du 23 et 24 février 2023, Mont-Joli, QC / |w(CaOODSP)9.927424
830#0|aProceedings series (Canadian Science Advisory Secretariat)|v2023/039.|w(CaOODSP)9.506483
85640|qPDF|s424 KB|uhttps://publications.gc.ca/collections/collection_2023/mpo-dfo/fs70-4/Fs70-4-2023-039-eng.pdf